Legislatura 1992 - 1995 / Parlament de Catalunya
Descripción Física:
4 v. ; 30'5 cm
MARC
| LEADER | 00000nam a2200000Ia 4500 | ||
|---|---|---|---|
| 001 | 11494, 11495, 11496, 11497 | ||
| 008 | 160829s1996 xx 000 0 cat d | ||
| 080 | |a FOL-1-208, FOL-1-209, FOL-1-210, FOL-1-211 | ||
| 110 | 1 | |a Catalunya. |b Parlament |9 11492 | |
| 245 | |a Legislatura 1992 - 1995 / Parlament de Catalunya | ||
| 260 | |a Barcelona : |b Publicacions del Parlament de Catalunya, |c 1996 | ||
| 300 | |a 4 v. ; |c 30'5 cm | ||
| 590 | |a Conté: v. I: (1-305) : Diputats i grups. Òrgans. Autonomia del Parlament. Funció legislativa, v. II: (306-690) : Funció legislativa. Funcions d'impuls de l'acció política i de control, v. III: (691-725) : Funcions d'impuls de l'acció política i de control. Altres funcions. Altres activitats i règim interior, v. IV: Índex analític | ||
| 610 | 1 | 0 | |a Catalunya. |b Parlament |9 11492 |
| 650 | |a Legislació |x Catalunya |x 1992/1995 |x Repertoris |9 31905 | ||
| 901 | |a Arxiu | ||
| 942 | |n 1 | ||
| 952 | |0 0 |1 0 |4 0 |6 FOL1208_FOL1209_FOL1210_FOL1211 |7 1 |9 45799 |a Arxiu |b Arxiu |d 2016-12-01 |l 0 |o FOL-1-208, FOL-1-209, FOL-1-210, FOL-1-211 |p 11494, 11495, 11496, |r 2016-12-01 00:00:00 |w 2016-12-01 |y ARXIU | ||
| 999 | |c 49299 |d 49299 | ||